000 00786cam a22002535a 4500
001 L149763
008 100421e20101004xxk 000 0 eng d
035 _a(Sirsi) u149763
041 0 _aeng
100 1 _aMeadwell, Stacey
245 0 0 _aBristol, Bath and Swindon
260 _c2010
490 _aEstates Gazette
_v(1014) 10 April 2010, 77-97(12)
520 _aFocus on the market in South West England. Includes features on Bristol Offices and industrial land and shopping centres in Bath, Bristol and Swindon.
590 _aKA
651 4 _aBristol
651 4 _aBath
651 4 _aSwindon
690 _aPROPERTY-COMMERCIAL PROPERTY-COMMERCIAL PROPERTY MARKET
700 1 _aCunningham, Daniel
700 1 _aSmith, Melanie
700 1 _aCavanagh, Elaine
942 _n0
999 _c82273
_d82273